Faculty of Law Library — Cairo University

Official Online Catalog

مشاكل سياسة وإدارة الموازنة في الدول النامية / (Record no. 58304)

MARC details
000 -LEADER
fixed length control field 01663nam a2200373 i 4500
003 - CONTROL NUMBER IDENTIFIER
control field EG-GICUC
005 - DATE AND TIME OF LATEST TRANSACTION
control field 20260121130151.0
008 - FIXED-LENGTH DATA ELEMENTS--GENERAL INFORMATION
fixed length control field 260120s1978 ua ||||f |||| 00| 0 ara d
017 ## - COPYRIGHT OR LEGAL DEPOSIT NUMBER
Copyright or legal deposit number 78/5914
040 ## - CATALOGING SOURCE
Original cataloging agency EG-GICUC
Language of cataloging ara
Transcribing agency EG-GICUC
Modifying agency EG-GICUC
Description conventions rda
041 ## - LANGUAGE CODE
Language code of text/sound track or separate title ara
082 04 - DEWEY DECIMAL CLASSIFICATION NUMBER
Edition number 21
Classification number 345.531
Item number ف ه . م
092 04 - LOCALLY ASSIGNED DEWEY CALL NUMBER (OCLC)
Edition number 21
099 ## - LOCAL FREE-TEXT CALL NUMBER (OCLC)
Classification number Law1 07 345.531 ف ه . م 1978
100 0# - MAIN ENTRY--PERSONAL NAME
Personal name فهمي محمود شكري
Relator term مترجم.
245 10 - TITLE STATEMENT
Title مشاكل سياسة وإدارة الموازنة في الدول النامية /
Statement of responsibility, etc. عرض وترجمة فهمي محمود شكري .
246 ## - VARYING FORM OF TITLE
Title proper/short title The Problems Budget Policy and Management Developing Countries
264 #1 - PRODUCTION, PUBLICATION, DISTRIBUTION, MANUFACTURE, AND COPYRIGHT NOTICE
Place of production, publication, distribution, manufacture القاهرة :
Name of producer, publisher, distributor, manufacturer المنظمة العربية للعلوم الإدارية ،
Date of production, publication, distribution, manufacture, or copyright notice 1978 .
300 ## - PHYSICAL DESCRIPTION
Extent 43 ؛ صفحة
Other physical details
Dimensions 24 سم
336 ## - CONTENT TYPE
Source rda content
Content type term text
337 ## - MEDIA TYPE
Source rda media
Media type term Computer
338 ## - CARRIER TYPE
Source rda carrier
Carrier type term Online Resource
490 ## - SERIES STATEMENT
Series statement سلسلة الفكر الإداري المعاصر
Volume/sequential designation 47
500 ## - GENERAL NOTE
General note RePort of the second nations<br/>Interregional workshop on problems of Budget policy and management in Developing Countries. Vedbaek, Denmark 4 – 15 September 1967<br/><br/>United Nations]<br/>{New York, 1967<br/>
504 ## - BIBLIOGRAPHY, ETC. NOTE
Bibliography, etc. note ببليوجرافيا: صفحة 43
504 ## - BIBLIOGRAPHY, ETC. NOTE
Bibliography, etc. note يشتمل على إرجاعات ببليوجرافية
650 14 - SUBJECT ADDED ENTRY--TOPICAL TERM
Topical term or geographic name entry element التصرف في المال العام
Source of heading or term qrmak
650 14 - SUBJECT ADDED ENTRY--TOPICAL TERM
Topical term or geographic name entry element القانون الإداري
Source of heading or term qrmak
651 1# - SUBJECT ADDED ENTRY--GEOGRAPHIC NAME
Source of heading or term qrmak
830 ## - SERIES ADDED ENTRY--UNIFORM TITLE
Uniform title سلسلة الفكر الإداري المعاصر
Volume/sequential designation 47
856 40 - ELECTRONIC LOCATION AND ACCESS
Uniform Resource Identifier <a href="https://fll.law.cu.edu.eg/fulltext/bks/B07-00062.pdf">https://fll.law.cu.edu.eg/fulltext/bks/B07-00062.pdf</a>
905 ## - Cataloger and Reviser Names
Cataloger Name: Yasmin Essam
942 ## - ADDED ENTRY ELEMENTS (KOHA)
Source of classification or shelving scheme Dewey Decimal Classification
Koha item type Books
Edition 21
Suppress in OPAC No
Holdings
Withdrawn status Lost status Source of classification or shelving scheme Materials specified (bound volume or other part) Damaged status Not for loan Collection Home library Current library Date acquired Total checkouts Full call number Barcode Date last seen Copy number Price effective from Koha item type
    Dewey Decimal Classification V47   Not for loan القانون الإداري جــــامعة القــاهرة مكتبة كلية الحقوق - المبنى الرئيسي 20.01.2026   Law1 07 345.531 ف ه . م 1978 0700062 V47, C1 B07-00062 20.01.2026 1 20.01.2026 Books
    Dewey Decimal Classification V47     القانون الإداري جــــامعة القــاهرة مكتبة كلية الحقوق - المبنى الرئيسي 21.01.2026   Law1 07 345.531 ف ه . م 1978 0700054 V47, C2 B07-00054 21.01.2026 2 21.01.2026 Books

© All rights reserved — Faculty of Law, Cairo University